| 000 | 00483nam a2200169Ia 4500 | ||
|---|---|---|---|
| 008 | 151021s9999 xx 000 0 und d | ||
| 020 | _a9.7802737108e+012 | ||
| 050 | _aHF5549.T675 2002 | ||
| 245 | _a_Human Resource Management Derek Torrington | ||
| 250 | _a7th ed. | ||
| 260 | _aNew York Pearson Education 2008 | ||
| 300 | _axxi,882p. | ||
| 500 | _aincudes index | ||
| 650 | _a_Human Resource Management | ||
| 700 | _a_Laura Hall | ||
| 980 | _a^d20101208 05:01:53^okorir | ||
| 999 |
_c5554 _d5554 |
||